Curso de derecho administrativo

Wedi'i Gadw mewn:
Manylion Llyfryddiaeth
Prif Awdur: García de Enterría, Eduardo (Awdur)
Fformat: Llyfr
Iaith:Sbaeneg
Cyhoeddwyd: Madrid Civitas 1975
Rhifyn:2a. ed
Pynciau:
Tagiau: Ychwanegu Tag
Dim Tagiau, Byddwch y cyntaf i dagio'r cofnod hwn!

MARC

LEADER 00000nam a2200000 a 4500
001 UCY0507
003 CL-VaPUC
008 940803e19750000SP |||||||||||||||||spa|d
082 0 4 |a 342.46  |b GAR  |2 21 
100 0 |a García de Enterría, Eduardo  |e author  |9 254850 
245 1 0 |a Curso de derecho administrativo 
250 |a 2a. ed 
300 |a 2 v 
942 |c BK 
945 |d 19940803 00:00:00  |a aalvarez 
260 |a Madrid  |b Civitas  |c 1975 
650 0 |a Actos administrativos   |9 256128 
650 0 |a Administración pública   |9 255343 
650 7 |a CONTENCIOSO ADMINISTRATIVO  |2 CL-VaPUC  |9 255490 
650 0 |a Contratos administrativos  |9 256130 
650 0 |a Derecho administrativo  |9 254851 
650 7 |a EXPROPIACION FORZOSA  |2 CL-VaPUC  |9 256131 
650 0 |a Procedimiento administrativo  |9 256132 
650 0 |a Responsabilidad  |9 308399 
650 7 |a EMPLEADOS PUBLICOS  |2 CL-VaPUC  |9 256133 
651 0 |a España  |9 254926 
583 |a last modification  |c 19940803 00:00:00  |k Rodrigo Vera 
999 |c 229496  |d 229494 
952 |0 0  |1 0  |4 0  |6 342_460000000000000_GAR_1975  |7 0  |8 A  |9 230702  |a BIBDER  |b BIBDER  |d 2019-11-15  |h v.1  |i 3000265  |o 342.46 GAR 1975  |p 3000265  |r 2023-01-25  |w 2019-11-15  |y BK  |k DER